000 00465nam a2200157 i 4500
001 22017
003 ES-MaACL
005 20230906152606.0
007 t|
008 021129s1965 sp ||||1| spa d
100 1 _aAlfaro Fournier, Tomás.
_919813
245 1 3 _aEl rey don Pedro I de Castilla y de León /
_cTomás Alfaro Fournier.
260 _aVitoria :
_b[s.n.,
_c1965] (
_fFournier, imp.)
300 _a191 p. ;
_c22 cm.
852 _aES-MaACL
_jC-29867
_bR.60017
999 _c22017
_d22017